All McFLY Singles - Statistics

General Stats
  • This quiz has been taken 7 times
  • The average score is 22 of 30
Answer Stats
Release Dates Song % Correct
29th March 2004 Five Colours In Her Hair
100%
20th July 2020 Happiness
100%
15th November 2004 Room On The Third Floor
100%
23rd October 2006 Star Girl
100%
7th March 2005 All About You/You've Got A Friend
86%
7th May 2007 Baby's Coming Back/Transylvania
86%
15th August 2005 I'll Be OK
86%
15th September 2008 Lies
86%
11th November 2012 Love Is Easy
86%
24th November 2013 Love Is On The Radio
86%
21st June 2004 Obviously
86%
9th July 2008 One For The Radio
86%
6th September 2010 Party Girl
86%
6th September 2004 That Girl
86%
31st March 2023 Where Did All The Guitars Go?
86%
21st July 2023 Broken By You (feat. Fresno)
71%
17th July 2006 Don't Stop Me Now/Please Please
71%
26th April 2023 God Of Rock & Roll
71%
9th June 2023 Honey I'm Home
71%
7th November 2010 Shine A Light (feat. Taio Cruz)
71%
22nd October 2007 The Heart Never Lies
71%
18th December 2006 Sorry's Not Good Enough/Friday Night
57%
7th March 2011 That's The Truth
57%
1st October 2020 Tonight Is The Night
57%
12th December 2005 Ultraviolet/The Ballad Of Paul K
57%
21st January 2021 You're Not Special
57%
24th Novemer 2008 Do Ya/Stay With Me
43%
10th May 2009 Falling In Love
43%
17th October 2005 I Wanna Hold You
43%
4th September 2020 Growing Up
29%
No matching quizzes found
Score Distribution
Percent of People with Each Score
Percentile by Number Answered
Your Score History
You have not taken this quiz